00811nam a22001697a 4500003000900000008004100009040007100050082001700121100002300138245016100161260003800322300002800360505016600388650003500554650002600589650002600615AR-CdUCM190320b ||||| |||| 00| 0 spa d aMUNICIPALIDAD PROVINCIAL DEL CUSCOcBIBLIOTECA MUNICIPAL DEL CUSCO a572.7 /bM86 aH. Morgan , Lewis  aLa Sociedad Primitiva :bInvestigaciones del Progreso Humano desde el salvajismo hasta la civilizacion al travez de la barbarie /cPrf. Alfredo L. Palacios  aPeru :bEdiciones Pavlov ,c1977. a542 páginas ;c19 cm. aContenido : 1.- La Familia Primitiva -- 2.- La Familia Coosanguinea -- 3.- La Familia Punalua 4.- Las Familias Sindiasmica y Patriarcal -- La Familia Monogama... aFilosofia del hombre primitivo aAntropologia de masas aSociedades Primitivas